| 000 | 00828nam a22002177a 4500 | ||
|---|---|---|---|
| 003 | OSt | ||
| 005 | 20250621030146.0 | ||
| 008 | 250619b |||||||| |||| 00| 0 eng d | ||
| 020 | _a978-621-427-203-7 | ||
| 040 |
_aDWCL - Main lib _cOC |
||
| 082 | _aFil. 658.7 G216b 2025 | ||
| 100 | _aGarcia, Lorma S.P. | ||
| 245 |
_aSupply chain and logistics management: _benhancing competitive edge & customer satisfaction/ _cLorma S.P. Garcia & Ernesto H. Mendoza |
||
| 250 | _aSecond edition | ||
| 260 |
_aIntramuros, Manila: _bUnlimited Books Library Services & Publishing Inc., _cc2025. |
||
| 300 |
_axii, 417 pages: _billustrations; _c25cm. |
||
| 504 | _aIncludes glossary and bibliographical references. | ||
| 650 | _a1. Business logistics. | ||
| 700 | _aMendoza, Ernesto H. | ||
| 942 |
_2ddc _cBK - FIL _eSecond edition _kFil. _n0 |
||
| 999 |
_c3157 _d3157 |
||